[Event "SVK-ch U12"]
[Site "Dudince"]
[Date "2023.04.18"]
[Round "4"]
[White "Viglas, Matej"]
[Black "Diachenko, Mykhailo"]
[Result "1/2-1/2"]
[WhiteElo "1124"]
[BlackElo "1104"]
[PlyCount "83"]
[EventDate "2023.04.16"]
[EventType "swiss"]
[EventRounds "9"]
[EventCountry "SVK"]
[SourceTitle "CBM 213 Extra"]
[Source "ChessBase"]
[SourceDate "2023.05.31"]
[SourceVersion "1"]
[SourceVersionDate "2023.05.31"]
[SourceQuality "1"]

1. c4 e5 2. Nc3 Nf6 3. g3 Nc6 4. Bg2 Bc5 5. e3 0-0 6. Nge2 d6 7. 0-0 Bg4 8. b3 Qd7 9. Bb2 Bh3 10. d4 Bxg2 11. Kxg2 exd4 12. exd4 Bb6 13. d5 Ne5 14. Re1 Qf5 15. Nd4 Bxd4 16. Qxd4 Nf3 17. Qd1 Nxe1+ 18. Qxe1 Rfe8 19. Qd2 Ne4 20. Nxe4 Qxe4+ 21. Kg1 Re7 22. Qg5 f6 23. Bxf6 Rf7 24. Bc3 Qf3 25. Qe3 Kf8 26. Re1 Qxe3 27. Rxe3 Rf5 28. Kg2 b5 29. Ba5 c5 30. dxc6 bxc4 31. Bb4 cxb3 32. Bxd6+ Kf7 33. Re7+ Kf6 34. axb3 Rd5 35. Bb4 Rb5 36. Rb7 Rxb7 37. cxb7 Rb8 38. Bc3+ Kf7 39. Bd4 Rxb7 40. b4 a6 41. Bc3 Rc7 42. Bd2 1/2-1/2

[Event "SVK-ch U12"]
[Site "Stara Lubovna"]
[Date "2022.05.24"]
[Round "5"]
[White "Drabek, Matej"]
[Black "Diachenko, Mykhailo"]
[Result "1-0"]
[WhiteElo "1000"]
[BlackElo "1000"]
[PlyCount "67"]
[EventDate "2022.05.21"]
[EventType "swiss"]
[EventRounds "9"]
[EventCountry "SVK"]
[SourceTitle "CBM 208 Extra"]
[Source "ChessBase"]
[SourceDate "2022.07.31"]
[SourceVersion "1"]
[SourceVersionDate "2022.07.31"]
[SourceQuality "1"]

1. e4 c5 2. Nc3 Nf6 3. d3 h6 4. Nf3 d5 5. exd5 Nxd5 6. Na4 Nd7 7. d4 e5 8. dxe5 Qe7 9. Qxd5 Nb6 10. Nxb6 axb6 11. Bb5+ Bd7 12. Qxb7 Rd8 13. Qxb6 Bxb5 14. Qxb5+ Qd7 15. Qe2 Be7 16. Be3 0-0 17. Bd2 Rfe8 18. 0-0-0 Bf6 19. Ba5 Qxd1+ 20. Qxd1 Rxd1+ 21. Rxd1 Bxe5 22. Nxe5 Rxe5 23. Rd8+ Kh7 24. b4 h5 25. b5 c4 26. a4 h4 27. Bb4 Re2 28. Rd2 Re8 29. Rd4 Ra8 30. Rxh4+ Kg6 31. Bc3 Rxa4 32. Rg4+ Kf5 33. Rxg7 Ra7 34. h4 1-0